Mammal Orders Found in Madagascar - Statistics

General Stats
  • This quiz has been taken 2 times
  • The average score is 4 of 6
Answer Stats
Order % Correct
Chiroptera (Bat)
100%
Primates
100%
Rodentia
100%
Afrosoricida
50%
Carnivora
50%
Eulipotyphla
0%
No matching quizzes found
Score Distribution
Percent of People with Each Score
Percentile by Number Answered
Your Score History
You have not taken this quiz